[Event "Schachfestival 2014 - Senioren"]
[Site "Woerishofen Bad"]
[Date "2014.03.26"]
[Round "6.16"]
[White "Seyffer, Guenther"]
[Black "Schuler, Georg"]
[Result "1-0"]
[WhiteElo "2054"]
[BlackElo "1888"]
[PlyCount "53"]
[EventDate "2014.03.21"]
[EventType "swiss"]
[EventCountry "GER"]
[WhiteTeam "SK 1929 Jöhlingen"]
[BlackTeam "SV Balingen"]
[WhiteTeamCountry "GER"]
[BlackTeamCountry "GER"]

1. d4 Nf6 2. c4 e6 3. Nf3 b6 4. e3 d5 5. cxd5 exd5 6. Nc3 Bb7 7. Bd3 Nbd7 8.
O-O Be7 9. Qe2 O-O 10. b3 c5 11. Bb2 h6 12. Rac1 Rc8 13. Ba6 Bxa6 14. Qxa6 Ra8
15. Rfd1 cxd4 16. exd4 Qc8 17. Qd3 Qb7 18. Ne5 Rfd8 19. Qf5 Nf8 20. Ne2 Rdc8
21. Nf4 Bd6 22. h3 Rxc1 23. Rxc1 Bxe5 24. dxe5 N6h7 25. e6 f6 26. Ba3 g6 27.
Nxg6 1-0

[Event "Schachfestival 2014 - Senioren"]
[Site "Woerishofen Bad"]
[Date "2014.03.26"]
[Round "6.34"]
[White "Schaberg, Wolfgang"]
[Black "Oser, Thor"]
[Result "1/2-1/2"]
[WhiteElo "1884"]
[BlackElo "1820"]
[PlyCount "29"]
[EventDate "2014.03.21"]
[EventType "swiss"]
[EventCountry "GER"]
[WhiteTeam "Scacchi Franciacorta"]
[BlackTeam "SK 1929 Jöhlingen"]
[WhiteTeamCountry "ITA"]
[BlackTeamCountry "GER"]

1. e4 c5 2. Nf3 Nc6 3. d4 cxd4 4. Nxd4 e6 5. Be2 Nf6 6. Nxc6 bxc6 7. Qd3 Qc7 8.
O-O Be7 9. b3 O-O 10. Ba3 Bxa3 11. Nxa3 d5 12. exd5 cxd5 13. Nb5 Qb6 14. a4 a5
15. Qd4 1/2-1/2

[Event "Schachfestival 2014 - Senioren"]
[Site "Woerishofen Bad"]
[Date "2014.03.26"]
[Round "6.12"]
[White "Abegg, Beat"]
[Black "Rahn, Oskar"]
[Result "1/2-1/2"]
[WhiteElo "1910"]
[BlackElo "2123"]
[PlyCount "47"]
[EventDate "2014.03.21"]
[EventType "swiss"]
[EventCountry "GER"]
[WhiteTeam "SK Altdorf"]
[BlackTeam "SK Frankenthal"]
[WhiteTeamCountry "GER"]
[BlackTeamCountry "GER"]

1. d4 Nf6 2. c4 e6 3. g3 d5 4. Nf3 Bb4+ 5. Bd2 Bxd2+ 6. Nbxd2 Nbd7 7. Bg2 O-O
8. O-O c5 9. cxd5 exd5 10. dxc5 Nxc5 11. Nd4 Qb6 12. N2b3 Nce4 13. Qd3 Bd7 14.
e3 Rac8 15. Rfc1 h6 16. Rxc8 Rxc8 17. Rb1 Qb4 18. a3 Qb6 19. Qe2 a6 20. Rc1
Rxc1+ 21. Nxc1 Qc7 22. Qc2 Qa5 23. Nd3 Qd2 24. Qxd2 1/2-1/2

[Event "Schachfestival 2014 - Senioren"]
[Site "Woerishofen Bad"]
[Date "2014.03.26"]
[Round "6.50"]
[White "Buss, Richard"]
[Black "Scholtyssek, Werner"]
[Result "1/2-1/2"]
[WhiteElo "1628"]
[BlackElo "1799"]
[PlyCount "96"]
[EventDate "2014.03.21"]
[EventType "swiss"]
[EventCountry "GER"]
[WhiteTeam "VfR Heisfelde e.V."]
[BlackTeam "SK Blankenloch 1947 e.V."]
[WhiteTeamCountry "GER"]
[BlackTeamCountry "GER"]

1. e4 e5 2. Nf3 Nc6 3. d4 exd4 4. Nxd4 Nxd4 5. Qxd4 d6 6. Nc3 Qf6 7. Qe3 c6 8.
Be2 Nh6 9. h3 Be6 10. b3 Qd8 11. Bb2 f6 12. O-O-O Nf7 13. Kb1 Qc7 14. f4 b6 15.
Rd2 Rd8 16. Rhd1 Be7 17. f5 Bc8 18. Bh5 O-O 19. Bxf7+ Kxf7 20. g4 Rfe8 21. Qg3
h6 22. Ne2 Bf8 23. Qf4 Qe7 24. Ng3 a5 25. a4 c5 26. Qf1 Kg8 27. Re1 Bb7 28.
Rde2 Qd7 29. c4 Bc6 30. Nh5 Qf7 31. Nf4 Ba8 32. Nd5 Bxd5 33. exd5 Rxe2 34. Qxe2
Rd7 35. Qe6 Re7 36. Qxf7+ Kxf7 37. Re6 Rxe6 38. dxe6+ Ke7 39. Bc1 g5 40. Be3 d5
41. Bf2 Kd6 42. Bg3+ Kc6 43. Kc2 d4 44. Kd3 Bd6 45. Bxd6 Kxd6 46. Ke4 Ke7 47.
Kd3 Kd6 48. Ke4 Ke7 1/2-1/2

[Event "Schachfestival 2014 - Senioren"]
[Site "Woerishofen Bad"]
[Date "2014.03.26"]
[Round "6.4"]
[White "Minz, Michail"]
[Black "Daeubler, Heinrich"]
[Result "1/2-1/2"]
[WhiteElo "2108"]
[BlackElo "2169"]
[PlyCount "77"]
[EventDate "2014.03.21"]
[EventType "swiss"]
[EventCountry "GER"]
[WhiteTeam "SK Gau-Algesheim"]
[BlackTeam "Schachclub Haselmuehl"]
[WhiteTeamCountry "GER"]
[BlackTeamCountry "GER"]

1. e4 Nf6 2. Qe2 e5 3. d3 Nc6 4. c3 Be7 5. g3 O-O 6. Bg2 d5 7. Bg5 Be6 8. Nf3
dxe4 9. dxe4 Nd7 10. Bxe7 Qxe7 11. O-O a5 12. Nbd2 Nb6 13. Qe3 Rfd8 14. Rfe1 a4
15. Bf1 f6 16. b4 axb3 17. axb3 Ra3 18. Rab1 Na5 19. b4 Nac4 20. Nxc4 Nxc4 21.
Qc1 Ra2 22. Ra1 Nd2 23. Nxd2 Raxd2 24. Re2 Rd1 25. Qxd1 Rxd1 26. Rxd1 Bg4 27.
Ra2 Bxd1 28. Bc4+ Kf8 29. Ra8+ Qe8 30. Rxe8+ Kxe8 31. Kf1 Bf3 32. Bd3 Ke7 33.
Ke1 Kd6 34. Kd2 c5 35. Ke3 Bd1 36. h4 h6 37. Bc4 cxb4 38. cxb4 Ba4 39. Kd2
1/2-1/2

[Event "Schachfestival 2014 - Senioren"]
[Site "Woerishofen Bad"]
[Date "2014.03.26"]
[Round "6.37"]
[White "Haakert, Karl"]
[Black "Riegler, Markus"]
[Result "1/2-1/2"]
[WhiteElo "1943"]
[BlackElo "1817"]
[PlyCount "103"]
[EventDate "2014.03.21"]
[EventType "swiss"]
[EventCountry "GER"]
[WhiteTeam "Schachverein Turm Mülheim 1931 e.V."]
[BlackTeam "SK Mannheim-Lindenhof 1865"]
[WhiteTeamCountry "GER"]
[BlackTeamCountry "GER"]

1. e4 d5 2. exd5 Nf6 3. d4 Qxd5 4. Nc3 Qa5 5. Bd3 Bg4 6. Nge2 c6 7. h3 Bh5 8.
O-O Bg6 9. Ng3 Bxd3 10. Qxd3 e6 11. Bf4 Be7 12. a3 Nbd7 13. b4 Qd8 14. Nge4
Nxe4 15. Nxe4 Nf6 16. Nc5 Bxc5 17. bxc5 O-O 18. Rfd1 Qd5 19. Rab1 Qd7 20. Rb3
Nd5 21. Bd6 Rfd8 22. Qg3 b5 23. Rc1 a6 24. c4 Nf6 25. Bc7 Rdc8 26. Be5 Ne8 27.
Qe3 Ra7 28. a4 f6 29. Bh2 Rd8 30. Bg3 Kf7 31. cxb5 axb5 32. axb5 cxb5 33. c6
Qxd4 34. Qxd4 Rxd4 35. Rxb5 e5 36. Rcb1 Rc7 37. Rc1 Ke6 38. f3 Ra4 39. Rb6 Nd6
40. Bf2 Nb5 41. Bc5 Nd4 42. Bxd4 Rxd4 43. Rb7 Kd6 44. Rb6 h5 45. Rc2 h4 46. Kf2
g5 47. Ra6 Rd5 48. Ra8 Ke6 49. Re8+ Kf5 50. Ra8 Rd6 51. Ra6 Rd4 52. Ra8 1/2-1/2

[Event "Schachfestival 2014 - Senioren"]
[Site "Woerishofen Bad"]
[Date "2014.03.26"]
[Round "6.36"]
[White "Oud, Niek"]
[Black "Langhoff, Wolfgang"]
[Result "1-0"]
[WhiteElo "2000"]
[BlackElo "1820"]
[PlyCount "119"]
[EventDate "2014.03.21"]
[EventType "swiss"]
[EventCountry "GER"]
[WhiteTeam "VAS"]
[BlackTeam "SK Mannheim-Lindenhof 1865"]
[WhiteTeamCountry "NED"]
[BlackTeamCountry "GER"]

1. d4 Nf6 2. c4 g6 3. Nc3 d5 4. cxd5 Nxd5 5. e4 Nxc3 6. bxc3 Bg7 7. Nf3 c5 8.
Bb5+ Bd7 9. Bxd7+ Nxd7 10. O-O cxd4 11. cxd4 O-O 12. Rb1 b6 13. Be3 Qc7 14. Qa4
Rfc8 15. Rfc1 Qb7 16. Nd2 a6 17. Qa3 Nf6 18. f3 e6 19. Nc4 Bf8 20. Qb2 Nd7 21.
Nxb6 Rxc1+ 22. Bxc1 Nxb6 23. Qxb6 Qxb6 24. Rxb6 e5 25. Be3 exd4 26. Bxd4 Rd8
27. Be3 Rd3 28. Rb3 Rxb3 29. axb3 Bd6 30. Kf2 f6 31. Bd2 Kf7 32. h3 Ke6 33. Ke3
Bc5+ 34. Kd3 f5 35. Kc4 Bb6 36. exf5+ gxf5 37. Bf4 Bf2 38. Kb4 Bb6 39. Kc4 Bf2
40. Bc7 Kd7 41. Be5 Kc6 42. Bd4 Bg3 43. Bc5 Be5 44. g4 fxg4 45. hxg4 Bf6 46. f4
Bb2 47. Bd4 Bc1 48. f5 Kd6 49. Bf6 Be3 50. g5 Bf2 51. g6 hxg6 52. fxg6 Ke6 53.
Bd4 Be1 54. Kc5 Ba5 55. Kc6 Bd8 56. Bc3 a5 57. Kb5 Bg5 58. Kxa5 Ke7 59. b4 Bf4
60. b5 1-0

[Event "Schachfestival 2014 - Senioren"]
[Site "Woerishofen Bad"]
[Date "2014.03.26"]
[Round "6.43"]
[White "Rueggeberg, Wilhelm"]
[Black "Braeu, Emmi"]
[Result "1-0"]
[WhiteElo "1882"]
[BlackElo "1645"]
[PlyCount "37"]
[EventDate "2014.03.21"]
[EventType "swiss"]
[EventCountry "GER"]
[WhiteTeam "Sfr.Saarburg-Trier"]
[BlackTeam "SK Marktoberdorf"]
[WhiteTeamCountry "GER"]
[BlackTeamCountry "GER"]

1. d4 c5 2. d5 d6 3. e4 Nf6 4. Nd2 g6 5. c3 b6 6. Bd3 Ba6 7. Qe2 Bxd3 8. Qxd3
Bg7 9. Nh3 Nbd7 10. f4 O-O 11. O-O Qc8 12. Nc4 Qa6 13. Nf2 b5 14. Na3 c4 15.
Qe2 Rab8 16. Nc2 Qc8 17. Nb4 Ne8 18. Nc6 Rb7 19. Nxe7+ 1-0

[Event "Schachfestival 2014 - Senioren"]
[Site "Woerishofen Bad"]
[Date "2014.03.26"]
[Round "6.21"]
[White "Braeu, Ludwig"]
[Black "Blutharsch, Walter"]
[Result "1/2-1/2"]
[WhiteElo "1958"]
[BlackElo "1882"]
[PlyCount "52"]
[EventDate "2014.03.21"]
[EventType "swiss"]
[EventCountry "GER"]
[WhiteTeam "SK Marktoberdorf"]
[BlackTeam "VfL Sindelfingen"]
[WhiteTeamCountry "GER"]
[BlackTeamCountry "GER"]

1. c4 e5 2. g3 Nc6 3. Bg2 Nf6 4. Nc3 Be7 5. Nf3 d6 6. d4 O-O 7. O-O Re8 8. h3
Bd7 9. Be3 Qc8 10. Kh2 Nh5 11. Nd5 Bd8 12. g4 Nf6 13. dxe5 Nxe5 14. Nxe5 dxe5
15. Qd2 c6 16. Nxf6+ Bxf6 17. g5 Bd8 18. Rh1 Bf5 19. Rad1 Bc7 20. h4 Qe6 21.
Qc1 Bg4 22. f3 e4+ 23. Bf4 exf3 24. exf3 Bxf4+ 25. Qxf4 Bh5 26. Rd2 Qe5 1/2-1/2

[Event "Schachfestival 2014 - Senioren"]
[Site "Woerishofen Bad"]
[Date "2014.03.26"]
[Round "6.3"]
[White "Nachtkamp, Herbert"]
[Black "Bhend, Edwin"]
[Result "0-1"]
[WhiteElo "2014"]
[BlackElo "2200"]
[PlyCount "118"]
[EventDate "2014.03.21"]
[EventType "swiss"]
[EventCountry "GER"]
[WhiteTeam "SK Norderstedt von 1975"]
[BlackTeam "Trümmerfeld"]
[WhiteTeamCountry "GER"]
[BlackTeamCountry "SUI"]

1. d4 Nf6 2. Nf3 d6 3. c4 Nbd7 4. Bf4 g6 5. Nc3 Bg7 6. e3 O-O 7. Be2 c6 8. O-O
Re8 9. h3 b6 10. e4 Bb7 11. Qc2 e5 12. dxe5 dxe5 13. Be3 Qc7 14. Rfd1 Nf8 15.
Rac1 Ne6 16. Qb1 Nd7 17. Bf1 Rad8 18. b4 Ndf8 19. Ne2 Rxd1 20. Rxd1 Rd8 21.
Rxd8 Qxd8 22. Qc1 Qc7 23. Qa3 Qb8 24. Qb2 Nd7 25. Qd2 Qc7 26. Nc3 Bf8 27. a3
Qd6 28. Qb2 Nd4 29. Qb1 Bg7 30. Kh1 a6 31. Kg1 Nxf3+ 32. gxf3 b5 33. c5 Qe7 34.
Qc1 Nf8 35. Qd2 Ne6 36. Ne2 Bc8 37. f4 exf4 38. Nxf4 Qd7 39. Qc1 Ng5 40. Bg2 h6
41. h4 Nh7 42. Qc2 Nf8 43. Qc1 Qd8 44. h5 Bg4 45. hxg6 fxg6 46. f3 Bc8 47. Qc2
Qf6 48. Qc1 Qa1 49. Bf1 Qxc1 50. Bxc1 g5 51. Nh5 Bd4+ 52. Kg2 Ng6 53. Be2 Kf7
54. f4 gxf4 55. Nxf4 Nxf4+ 56. Bxf4 Kg6 57. Bc1 h5 58. Bd3 Be5 59. Bc2 Bg4 0-1

[Event "Schachfestival 2014 - Senioren"]
[Site "Woerishofen Bad"]
[Date "2014.03.26"]
[Round "6.33"]
[White "Blosze, Winfried"]
[Black "Taufratshofer, Martin"]
[Result "0-1"]
[WhiteElo "1857"]
[BlackElo "1990"]
[PlyCount "74"]
[EventDate "2014.03.21"]
[EventType "swiss"]
[EventCountry "GER"]
[WhiteTeam "SV Königsspringer 1929 Grossauheim"]
[BlackTeam "SK Obergünzburg"]
[WhiteTeamCountry "GER"]
[BlackTeamCountry "GER"]

1. e4 g6 2. d4 Bg7 3. c3 d6 4. Bd3 Nf6 5. Ne2 O-O 6. O-O Nc6 7. Bg5 h6 8. Be3
e5 9. f3 Nh5 10. Nd2 f5 11. exf5 gxf5 12. Qe1 f4 13. Bf2 Kh8 14. Bh4 Bf6 15.
Bxf6+ Qxf6 16. Qf2 Rg8 17. Kh1 Be6 18. b3 Rg7 19. Rg1 Rag8 20. Bc4 d5 21. Bb5
Ng3+ 22. Nxg3 Rxg3 23. Bxc6 bxc6 24. dxe5 Qf7 25. Nf1 R3g5 26. Re1 Bh3 27. Re2
Bxg2+ 28. Rxg2 Rxg2 29. Qxg2 Rxg2 30. Kxg2 Kg8 31. b4 Kf8 32. Nd2 Qg6+ 33. Kf2
Qd3 34. Nb3 Qxc3 35. Nc5 Ke7 36. Na6 Qd4+ 37. Kg2 Qc4 0-1

[Event "Schachfestival 2014 - Senioren"]
[Site "Woerishofen Bad"]
[Date "2014.03.26"]
[Round "6.49"]
[White "Aust, Werner"]
[Black "Dallmeier, Gerhard"]
[Result "0-1"]
[WhiteElo "1725"]
[BlackElo "1852"]
[PlyCount "116"]
[EventDate "2014.03.21"]
[EventType "swiss"]
[EventCountry "GER"]
[WhiteTeam "Schachverein Eichlinghofen 1935"]
[BlackTeam "SK Roland Weissenfels"]
[WhiteTeamCountry "GER"]
[BlackTeamCountry "GER"]

1. e4 c5 2. Nf3 d6 3. d4 cxd4 4. Nxd4 Nf6 5. Nc3 a6 6. Be2 e5 7. Nf3 h6 8. Be3
Be6 9. h3 Nbd7 10. O-O Be7 11. Nh2 O-O 12. Kh1 Qc7 13. f4 exf4 14. Bxf4 Ne5 15.
Nf3 Nfd7 16. Nd5 Bxd5 17. exd5 Rac8 18. c3 Bf6 19. Nd4 Ng6 20. Bg3 Rce8 21. Nf5
Be5 22. Bf2 Nf6 23. Bf3 Ne7 24. Nd4 Nexd5 25. Nf5 Ne7 26. Ng3 d5 27. Ne2 Rd8
28. Nd4 Ne4 29. Qe1 Nxf2+ 30. Qxf2 Bg3 31. Qc2 Be5 32. Rad1 Bf6 33. Rfe1 Qg3
34. Rxe7 Bxe7 35. Nf5 Qe5 36. Nxe7+ Qxe7 37. Bxd5 Rd6 38. c4 Rfd8 39. Qd3 Qe5
40. b3 Kh8 41. Qf3 Rf6 42. Qd3 Rd7 43. Qd2 Rfd6 44. Kg1 f5 45. Qd3 Re7 46. Rf1
Rf6 47. Kh1 b6 48. Qb1 g6 49. Rd1 Kg7 50. Bf3 Rfe6 51. Bd5 Rf6 52. Bf3 Rf8 53.
Bd5 Qg3 54. Qb2+ Kh7 55. Bf3 Rfe8 56. Be2 Rxe2 57. Rd7+ R8e7 58. Qxe2 Rxd7 0-1

[Event "Schachfestival 2014 - Senioren"]
[Site "Woerishofen Bad"]
[Date "2014.03.26"]
[Round "6.40"]
[White "Wolfram, Gisbert"]
[Black "Krase, Peter Axel"]
[Result "1/2-1/2"]
[WhiteElo "1803"]
[BlackElo "1927"]
[PlyCount "71"]
[EventDate "2014.03.21"]
[EventType "swiss"]
[EventCountry "GER"]
[WhiteTeam "SU Ebersberg-Grafing"]
[BlackTeam "TSV Kareth-Lappersdorf"]
[WhiteTeamCountry "GER"]
[BlackTeamCountry "GER"]

1. Nf3 d5 2. g3 g6 3. Bg2 Bg7 4. O-O Nf6 5. d3 O-O 6. Nbd2 Nc6 7. e4 Bg4 8. h3
dxe4 9. dxe4 Bxf3 10. Bxf3 Ne5 11. Bg2 c6 12. Qe2 Qb6 13. Nf3 Nxf3+ 14. Bxf3
Qc7 15. c3 e6 16. Bg5 h6 17. Be3 Nd7 18. Rad1 Ne5 19. Bg2 Rad8 20. f4 Nd7 21.
Kh1 Nf6 22. g4 Rxd1 23. Rxd1 Rd8 24. Rxd8+ Qxd8 25. Bd4 Qa5 26. a3 c5 27. Bxf6
Bxf6 28. e5 Bh4 29. Bxb7 Qa4 30. Qd2 Qb5 31. Bg2 Qc4 32. f5 Bg5 33. Qf2 Qf4 34.
Qxf4 Bxf4 35. fxg6 fxg6 36. b3 1/2-1/2

[Event "Schachfestival 2014 - Senioren"]
[Site "Woerishofen Bad"]
[Date "2014.03.26"]
[Round "6.8"]
[White "Lange, Manfred"]
[Black "Engbrecht, Helmut"]
[Result "0-1"]
[WhiteElo "2089"]
[BlackElo "2037"]
[PlyCount "62"]
[EventDate "2014.03.21"]
[EventType "swiss"]
[EventCountry "GER"]
[WhiteTeam "SV Würzburg von 1865 e.V."]
[BlackTeam "SV Schorndorf"]
[WhiteTeamCountry "GER"]
[BlackTeamCountry "GER"]

1. e4 Nc6 2. d4 d5 3. exd5 Qxd5 4. Nf3 Bg4 5. Be2 e6 6. O-O Nf6 7. h3 Bh5 8.
Bf4 O-O-O 9. g4 Bg6 10. Nc3 Qd7 11. Bb5 Bd6 12. Bg5 h5 13. Nh4 hxg4 14. Nxg6
fxg6 15. Bxf6 gxf6 16. Qxg4 f5 17. Qg2 Qh7 18. Bxc6 bxc6 19. Rfe1 Kd7 20. Re3
Qh4 21. Rae1 Rde8 22. d5 cxd5 23. Nb5 Bc5 24. Rg3 Reg8 25. Rd1 c6 26. Nc3 g5
27. Kf1 Bd6 28. Rgd3 g4 29. Nxd5 cxd5 30. Rxd5 exd5 31. Qxd5 Qxh3+ 0-1

[Event "Schachfestival 2014 - Senioren"]
[Site "Woerishofen Bad"]
[Date "2014.03.26"]
[Round "6.44"]
[White "Aufmwasser, Guenter"]
[Black "Weber, Gerhard"]
[Result "1/2-1/2"]
[WhiteElo "1704"]
[BlackElo "1880"]
[PlyCount "85"]
[EventDate "2014.03.21"]
[EventType "swiss"]
[EventCountry "GER"]
[WhiteTeam "Schachverein 1922 Hilden"]
[BlackTeam "Schachclub Bayer Leverkusen e.V."]
[WhiteTeamCountry "GER"]
[BlackTeamCountry "GER"]

1. f4 g6 2. Nf3 Bg7 3. e3 Nf6 4. Be2 d5 5. O-O c5 6. Nc3 Nc6 7. Bb5 O-O 8. Bxc6
bxc6 9. Ne2 Ba6 10. c3 Bd3 11. Ne5 Bxe2 12. Qxe2 Qc7 13. Nf3 c4 14. d4 cxd3 15.
Qxd3 Qb6 16. Kh1 Ne4 17. Ne5 Qc7 18. Nf3 a5 19. Nd2 Nc5 20. Qc2 a4 21. e4 e6
22. e5 Rfb8 23. Nf3 Ne4 24. Nd2 Nc5 25. Nf3 Qb6 26. Be3 Qa5 27. Rab1 Bf8 28.
Nd4 Qa6 29. h4 Ne4 30. Kh2 c5 31. Nf3 c4 32. Ng5 Bc5 33. Nxe4 Bxe3 34. Nf6+ Kg7
35. h5 a3 36. h6+ Kh8 37. Rf3 Bc5 38. Nd7 Rc8 39. Nxc5 Rxc5 40. bxa3 Qxa3 41.
Qb2 Rcc8 42. Qxa3 Rxa3 43. Rf2 1/2-1/2

[Event "Schachfestival 2014 - Senioren"]
[Site "Woerishofen Bad"]
[Date "2014.03.26"]
[Round "6.56"]
[White "Dittmann, Heinz"]
[Black "Mittenzwei, Ingo"]
[Result "1/2-1/2"]
[WhiteElo "1564"]
[BlackElo "1598"]
[PlyCount "71"]
[EventDate "2014.03.21"]
[EventType "swiss"]
[EventCountry "GER"]
[WhiteTeam "Schachgemeinschaft Nettetal 1929"]
[BlackTeam "Schachklub Sülz-Klettenberg"]
[WhiteTeamCountry "GER"]
[BlackTeamCountry "GER"]

1. d4 Nf6 2. c4 e6 3. Nf3 d5 4. Nc3 Be7 5. e3 c6 6. Bd3 dxc4 7. Bxc4 Nbd7 8.
O-O O-O 9. Qc2 Qc7 10. b3 e5 11. dxe5 Nxe5 12. Nxe5 Qxe5 13. Be2 Be6 14. Bb2
Qg5 15. Bf3 Rad8 16. Ne4 Qg6 17. Nxf6+ gxf6 18. Qxg6+ fxg6 19. Rac1 Rd2 20. Rb1
Rfd8 21. Rfc1 Bd5 22. Bxd5+ R8xd5 23. a3 Kf7 24. b4 f5 25. Bd4 Bf6 26. Rd1 Ra2
27. Bxa7 Rdd2 28. Rxd2 Rxd2 29. g3 Ra2 30. Rd1 Ke6 31. Bc5 Be7 32. Rd3 Bxc5 33.
bxc5 Rb2 34. a4 Rb4 35. f4 Rc4 36. Rb3 1/2-1/2

[Event "Schachfestival 2014 - Senioren"]
[Site "Woerishofen Bad"]
[Date "2014.03.26"]
[Round "6.1"]
[White "Witte, Manfred"]
[Black "Neese, Hans Joachim"]
[Result "1/2-1/2"]
[WhiteElo "2160"]
[BlackElo "2172"]
[PlyCount "21"]
[EventDate "2014.03.21"]
[EventType "swiss"]
[EventCountry "GER"]
[WhiteTeam "VfB Hermsdorf e.V."]
[BlackTeam "Schachverein Hennef 1927 e.V."]
[WhiteTeamCountry "GER"]
[BlackTeamCountry "GER"]

1. e4 c5 2. c3 d5 3. exd5 Qxd5 4. d4 Nf6 5. Nf3 Bg4 6. Be2 e6 7. O-O Nc6 8. h3
Bh5 9. Be3 cxd4 10. cxd4 Be7 11. Nc3 1/2-1/2

[Event "Schachfestival 2014 - Senioren"]
[Site "Woerishofen Bad"]
[Date "2014.03.26"]
[Round "6.20"]
[White "Spurga, Josef"]
[Black "Aigner, Georg"]
[Result "1-0"]
[WhiteElo "2008"]
[BlackElo "1894"]
[PlyCount "57"]
[EventDate "2014.03.21"]
[EventType "swiss"]
[EventCountry "GER"]
[WhiteTeam "VfL Sindelfingen"]
[BlackTeam "TSV Dietfurt/Altm. e.V."]
[WhiteTeamCountry "GER"]
[BlackTeamCountry "AUT"]

1. d4 Nf6 2. Nf3 e6 3. c4 d5 4. g3 Bb4+ 5. Bd2 Bxd2+ 6. Nbxd2 O-O 7. Bg2 Nbd7
8. O-O c6 9. Re1 Ne4 10. Qc2 f5 11. Rac1 Ndf6 12. Ne5 Qe8 13. f3 Ng5 14. e4
fxe4 15. fxe4 Qh5 16. h4 Ngxe4 17. Nxe4 Nxe4 18. Bxe4 dxe4 19. Qxe4 Qf5 20. Qe3
Qh5 21. Rf1 Qe8 22. Rxf8+ Qxf8 23. Rf1 Qd6 24. Qf4 Qe7 25. Qg4 Qe8 26. Rf7 g6
27. Qf4 Qd8 28. Kh2 Qe8 29. Qf6 1-0

[Event "Schachfestival 2014 - Senioren"]
[Site "Woerishofen Bad"]
[Date "2014.03.27"]
[Round "7.18"]
[White "Goris Schouwstra, Adri"]
[Black "Mentel, Juergen"]
[Result "1/2-1/2"]
[WhiteElo "1886"]
[BlackElo "2014"]
[PlyCount "37"]
[EventDate "2014.03.21"]
[EventType "swiss"]
[EventCountry "GER"]
[BlackTeam "Greifswalder SV"]
[BlackTeamCountry "GER"]

1. d4 d6 2. Nf3 Nf6 3. c4 Nbd7 4. Nc3 e5 5. d5 a5 6. e4 Nc5 7. Qc2 Bg4 8. Be2
Be7 9. h3 Bh5 10. O-O Bg6 11. Nd2 O-O 12. Bf3 Nfd7 13. Nb3 f5 14. Nxc5 Nxc5 15.
Be3 Nd7 16. exf5 Bxf5 17. Be4 Bxe4 18. Nxe4 b6 19. b3 1/2-1/2

[Event "Schachfestival 2014 - Senioren"]
[Site "Woerishofen Bad"]
[Date "2014.03.27"]
[Round "7.22"]
[White "Mombelli, Antonio"]
[Black "Reimann, Guenther"]
[Result "0-1"]
[WhiteElo "1806"]
[BlackElo "1929"]
[PlyCount "62"]
[EventDate "2014.03.21"]
[EventType "swiss"]
[EventCountry "GER"]
[BlackTeam "SC Magstadt"]
[BlackTeamCountry "GER"]

1. e4 e6 2. d4 d5 3. Nc3 Nf6 4. Bg5 Be7 5. e5 Nfd7 6. Bxe7 Qxe7 7. f4 a6 8. Nf3
c5 9. Be2 Nc6 10. Qd2 cxd4 11. Nxd4 Ndxe5 12. Nxe6 fxe6 13. fxe5 O-O 14. O-O-O
Bd7 15. Rde1 Rf5 16. Bd3 Rxe5 17. Qf4 Qg5 18. Qxg5 Rxg5 19. g3 Rf8 20. Bf1 Rf2
21. Ne2 e5 22. Nc3 Be6 23. Nd1 Rf8 24. Bg2 e4 25. c4 Nb4 26. Bf1 dxc4 27. a3
Nd3+ 28. Bxd3 cxd3 29. Nc3 Rc5 30. Kb1 d2 31. Re3 Rd8 0-1

[Event "Schachfestival 2014 - Senioren"]
[Site "Woerishofen Bad"]
[Date "2014.03.27"]
[Round "7.9"]
[White "Boettcher, Ulrich"]
[Black "Bauder, Herbert"]
[Result "1/2-1/2"]
[WhiteElo "2078"]
[BlackElo "1961"]
[PlyCount "27"]
[EventDate "2014.03.21"]
[EventType "swiss"]
[EventCountry "GER"]
[BlackTeam "SG Lasker Steglitz-Wilmersdorf"]
[BlackTeamCountry "GER"]

1. Nf3 c5 2. c4 Nc6 3. d4 cxd4 4. Nxd4 Nf6 5. Nc3 Nxd4 6. Qxd4 g6 7. e4 d6 8.
Bg5 Bg7 9. Be2 Qa5 10. Qd2 O-O 11. O-O Re8 12. Rac1 Be6 13. b3 Rec8 14. f3
1/2-1/2

[Event "Schachfestival 2014 - Senioren"]
[Site "Woerishofen Bad"]
[Date "2014.03.27"]
[Round "7.19"]
[White "Ziltener, Werner"]
[Black "Abegg, Beat"]
[Result "1-0"]
[WhiteElo "2005"]
[BlackElo "1910"]
[PlyCount "95"]
[EventDate "2014.03.21"]
[EventType "swiss"]
[EventCountry "GER"]
[BlackTeam "SK Altdorf"]
[BlackTeamCountry "GER"]

1. Nf3 d5 2. d4 c6 3. c4 Nf6 4. Nc3 dxc4 5. a4 Bf5 6. Ne5 Nbd7 7. Nxc4 Nb6 8.
e3 Nxc4 9. Bxc4 e6 10. O-O Bb4 11. Qb3 Qe7 12. f3 Bg6 13. e4 h6 14. a5 O-O 15.
Ra4 Bxc3 16. bxc3 Rfd8 17. Bf4 c5 18. Rd1 Kf8 19. Be3 cxd4 20. cxd4 Rdc8 21.
Be2 Nxe4 22. fxe4 Bxe4 23. Bd3 Bd5 24. Qa3 Qxa3 25. Rxa3 Ke7 26. Bd2 a6 27.
Raa1 Rc6 28. Rab1 Rc7 29. Rdc1 Rac8 30. Rxc7+ Rxc7 31. Rc1 Rxc1+ 32. Bxc1 Kd7
33. Ba3 g6 34. Kf2 Kc6 35. Bc5 e5 36. g3 e4 37. Be2 Kd7 38. Ke3 f5 39. g4 Ke6
40. Bf8 g5 41. gxf5+ Kxf5 42. Bxh6 g4 43. Bf4 Bf7 44. Bd1 Bd5 45. Ba4 Be6 46.
Be8 Bd5 47. Bd7+ Kf6 48. Bxg4 1-0

[Event "Schachfestival 2014 - Senioren"]
[Site "Woerishofen Bad"]
[Date "2014.03.27"]
[Round "7.56"]
[White "Kuhn, Hans"]
[Black "Schulz, Franz"]
[Result "1-0"]
[WhiteElo "1561"]
[BlackElo "1670"]
[PlyCount "55"]
[EventDate "2014.03.21"]
[EventType "swiss"]
[EventCountry "GER"]
[BlackTeam "SV Ebersbach"]
[BlackTeamCountry "GER"]

1. e4 e5 2. Nf3 Nc6 3. Be2 Nf6 4. d3 Be7 5. h3 O-O 6. Be3 d5 7. exd5 Nxd5 8.
Bd2 Bf6 9. Nc3 Nd4 10. Ne4 Re8 11. Nxd4 exd4 12. Nxf6+ Qxf6 13. h4 Nf4 14. Bxf4
Qxf4 15. Kf1 Rb8 16. g3 b6 17. gxf4 Bb7 18. Bf3 c5 19. Bxb7 Rxb7 20. Kg2 Re6
21. Kf3 h5 22. Qd2 Rc7 23. Rae1 Rec6 24. Re8+ Kh7 25. Rhe1 c4 26. Qe2 cxd3 27.
Qxd3+ g6 28. Qxd4 1-0